| 000 | 015170000a22003250004500 | ||
|---|---|---|---|
| 001 | 18796 | ||
| 003 | CO-MdFUSB | ||
| 005 | 20240618062714.0 | ||
| 008 | 160812b1997 miu||||| |||| 00| 0 spa d | ||
| 020 | _a978-1-55883-005-9 | ||
| 040 |
_aCO-MdFUSB _bEspañol _cCO-MdFUSB _dCO-MdFUSB |
||
| 041 | 0 | _aeng | |
| 082 |
_224 _aG 254.1 _bD541p |
||
| 100 | 1 |
_aDias, Arival _eautor |
|
| 245 | 1 | 0 |
_aPlante iglesias _b : principios bíblicos para la plantación de iglesias _c/ Arival Dias Casimiro |
| 264 |
_aGran Rapids _b : Libros Desafío, _c2011 |
||
| 300 |
_a113 páginas _c23 cm. |
||
| 336 |
_2rdacontent _a1 _ba1 |
||
| 337 |
_2rdamedia _a2 _b5 |
||
| 338 |
_2rdacarrier _a2 _b5 |
||
| 501 | _arústico | ||
| 505 | 0 | 0 | _aEl propósito de Hechos -- la obra misionera es la prioridad de la iglesia -- El Espíritu Santo es el ejecutivo de la obra misionera -- El hombre es el método de Dios para la obra misionera -- La predicación es el medio escogido por Dios para promover la obra misionera -- La iglesia local es la base para la plantación de iglesias -- La doctrina de la elección es la motivación de la obra misionera -- Las misiones suceden en las tribulaciones -- El dinero no es obstáculo para las misiones -- Las misiones son acciones. |
| 650 | 7 |
_9222 _aIglesias protestantes _vDesarrollo |
|
| 650 | 0 |
_aMisiones _9154 |
|
| 650 | 0 |
_aTeología práctica _9180 |
|
| 653 | _aFundación de iglesias -- Fundamentos bíblicos | ||
| 653 | _aNuevas iglesias | ||
| 653 | _aPlantación de iglesias | ||
| 942 | _cBK | ||
| 999 |
_c45202 _d45202 |
||